| 000 | 00843nam a2200265 i 4500 | ||
|---|---|---|---|
| 001 | 41031 | ||
| 003 | ES-MaACL | ||
| 005 | 20250819170651.0 | ||
| 007 | t| | ||
| 008 | 030307s1981 sp ||||1| spa d | ||
| 020 | _a84-350-0347-7 | ||
| 080 | _a840 Sade, Donatien Alphonse François, Comde de 1.06 | ||
| 080 | _a396(0:82) | ||
| 100 | 1 |
_aCarter, Angela. _935878 |
|
| 245 | 1 | 3 |
_aLa mujer sadiana / _cAngela Carter ; [traducción del inglés de Graziella Baravalle]. |
| 260 |
_aBarcelona : _bEdhasa, _c[1981] |
||
| 300 |
_a165 p. ; _c19 cm. |
||
| 490 | 1 | _aPerspectivas | |
| 600 | 1 | 4 |
_aSade, _cmarquis de- _xCrítica e interpretación. _9101278 |
| 650 | 7 |
_aFeminismo y literatura _2embne _912753 |
|
| 700 | 1 |
_aBaravalle, Graziella. _925356 |
|
| 830 | 1 |
_aPerspectivas _9183529 |
|
| 852 |
_aES-MaACL _jL-2901 |
||
| 999 |
_c41031 _d41031 |
||